000 00207nam a22001097a 4500
041 _aeng
080 _a80
100 _aPalmer, Raymond
245 _aThe Making of a Spy
650 _aFiction
999 _c278731
_d278731
942 _cBK